Markets (Record no. 82097)

MARC details
000 -LEADER
fixed length control field 01165cam a22002175a 4500
001 - CONTROL NUMBER
control field L149257
008 - FIXED-LENGTH DATA ELEMENTS--GENERAL INFORMATION
fixed length control field 100211e20100122xxk 000 0 eng d
035 ## - SYSTEM CONTROL NUMBER
System control number (Sirsi) u149257
041 0# - LANGUAGE CODE
Language code of text/sound track or separate title eng
100 1# - MAIN ENTRY--PERSONAL NAME
Personal name Unger, Paul
245 00 - TITLE STATEMENT
Title Markets
Remainder of title Lancashire and Cumbria
260 ## - PUBLICATION, DISTRIBUTION, ETC.
Date of publication, distribution, etc. 2010
490 #0 - SERIES STATEMENT
Series statement Property Week
Volume/sequential designation 76(3) 22 January 2010, 41-48(5)
520 ## - SUMMARY, ETC.
Summary, etc. ReBlackpool aims to purchase the Blackpool Tower and Winter Gardens by late March 2010 but regeneration has not reached Blackpool's deprived areas. Blackpool, Bury and Blackburn have topped in 2009 retail destinations serving Lancashire and Cumbria with Preston making a strong challenge. Cottam Hall, a mixed-use development near Preston has been delayed by a further 12 months but PrestonVision regeneration agency sees offices as the priority. Barrow's marina project, the Waterfront, may not start for another two years. A review of employment sites in the M6 corridor outside Carlisle has been commissioned.
590 ## - LOCAL NOTE (RLIN)
Local note KA
651 #4 - SUBJECT ADDED ENTRY--GEOGRAPHIC NAME
Geographic name Lancashire
651 #4 - SUBJECT ADDED ENTRY--GEOGRAPHIC NAME
Geographic name Cumbria
690 ## - LOCAL SUBJECT ADDED ENTRY--TOPICAL TERM (OCLC, RLIN)
Topical term or geographic name as entry element PROPERTY-COMMERCIAL PROPERTY-COMMERCIAL PROPERTY MARKET
700 1# - ADDED ENTRY--PERSONAL NAME
Personal name McNerney, Shelagh
942 ## - ADDED ENTRY ELEMENTS (KOHA)
Suppress in OPAC 0
Holdings
Withdrawn status Lost status Source of classification or shelving scheme Damaged status Not for loan Home library Current library Shelving location Date acquired Total Checkouts Full call number Barcode Date last seen Copy number Price effective from Koha item type
    Dewey Decimal Classification     London London Journal article 11/02/2010   L149257 149257-1001 06/08/2019 1 06/08/2019 Journal article